| 000 | 01009nam a22001935i 4500 | ||
|---|---|---|---|
| 001 | 168119 | ||
| 003 | ES-MaACL | ||
| 005 | 20251014063248.0 | ||
| 008 | 020308s1867 sp |||| | spa d | ||
| 040 |
_aCAM _bspa _cCAM |
||
| 100 | 1 |
_aZamora y Caballero, Eduardo, _d1835-1899 _9134014 |
|
| 245 | 1 | 3 |
_aLa última batalla _b: comedia en tres actos y en verso / _coriginal de Eduardo Zamora y Caballero. |
| 260 |
_aMadrid : _b[s.n.], _c1867 ( _fImprenta de José Rodríguez) |
||
| 300 |
_a70 p. ; _c19 cm. |
||
| 500 | _aEn port.: Representada por primera vez en Madrid en el teatro del Príncipe, la noche del 19 de enero de 1867, á beneficio del primer galan jóven Antonio Zamora. | ||
| 596 | _aAl v. de port. consta : "... Galería dramática y lírica titulada El Teatro..." | ||
| 852 |
_aES-MaACL _jF-8592(3) _z-- Enc. pasta española _q.- Falto de la cub. original _z-- Enc. en un vol. facticio formando parte de la col. facticia "Teatro español moderno", vol. 45 |
||
| 999 |
_c168119 _d168119 |
||